000 01598nam a22003497a 4500
001 103633
003 KnowledgeUnlatched
005 20210303105102.0
006 m o d
007 cr u||||||||||
008 210129p20092019xx o u00| u ger d
037 _5BiblioBoard
245 0 0 _aJoseph und Aseneth
_cEckart Reinmuth.
020 _a9783161564390
029 1 _ahttps://library.biblioboard.com/ext/api/media/875b39df-65aa-4d4f-9147-7e428e2d7dbc/assets/thumbnail.jpg
040 _aScCtBLL
_cScCtBLL
506 0 _aAccess copy available to the general public.
_fUnrestricted
_2star
700 1 _aReinmuth, Eckart
_eeditor.
264 1 _bMohr Siebeck,
300 _a1 online resource (293 p.)
520 _aLiebes- und Bekehrungsgeschichte in einem - die Erzählung von der stolzen ägyptischen Priestertochter Aseneth, ihrer Liebe zu Joseph, dem Sohn Jakobs, ihrer Bekehrung und Bewahrung, wird in einer aktuellen Übersetzung auf neuester textkritischer Grundlage geboten.
588 0 _aDescription based on print version record.
590 _aKU Open Services
650 7 _aReligion / Theology
_2bisacsh
650 0 _aReligion
655 0 _aElectronic books.
758 _iIs found in:
_aKnowledge Unlatched
_1https://openresearchlibrary.org/module/2774bc74-146a-484f-a7ba-ab1d6a09bbfb
856 4 0 _uhttps://openresearchlibrary.org/content/875b39df-65aa-4d4f-9147-7e428e2d7dbc
_zView this content on Open Research Library.
_70
999 _c33548
_d33548